[Event "Coupe de la Federation"]
[Site "?"]
[Date "2002.10.27"]
[Round "2"]
[White "Dequidt, Adrien"]
[Black "Bourgin, Christian"]
[Result "1-0"]
[WhiteElo "1680"]
[BlackElo "1480"]
[PlyCount "117"]

1. d4 Nf6 2. Nf3 g6 3. e3 Bg7 4. Bd3 d6 5. c4 O-O 6. O-O Nbd7 7. b4 b6 8. Bb2
Bb7 9. Nbd2 Re8 10. Qc2 Rc8 11. Rab1 e6 12. Ne4 d5 13. Ned2 c6 14. c5 b5 15. a4
a6 16. axb5 axb5 17. Rfc1 Ra8 18. Bxb5 cxb5 19. c6 Rc8 20. cxd7 Rxc2 21.
dxe8=Q+ Qxe8 22. Rxc2 Qe7 23. Rc5 Ba6 24. Rbc1 Ne4 25. Nxe4 dxe4 26. Nd2 Qh4
27. Rc7 Qh5 28. Nxe4 Qe2 29. R7c2 Qd3 30. Nc5 Qf5 31. Nxa6 e5 32. dxe5 Bxe5 33.
Bxe5 Qxe5 34. h3 Qd6 35. Rc6 Qd2 36. R1c2 Qe1+ 37. Kh2 Qa1 38. Nc7 Qe5+ 39. g3
Qe4 40. Na6 Qe5 41. Rc7 h5 42. Rb7 h4 43. Rcc7 hxg3+ 44. fxg3 Qb2+ 45. Kg1 Qa1+
46. Kf2 Qf6+ 47. Kg2 Qb2+ 48. Kf3 Qf6+ 49. Ke2 Qb2+ 50. Kd3 Qb3+ 51. Kd4 Qd1+
52. Kc5 Qc1+ 53. Kxb5 Qxe3 54. Rxf7 Qe8+ 55. Rfd7 Qe5+ 56. Kb6 Qe3+ 57. Nc5 Qe8
58. Ka7 Qxd7 59. Rxd7 1-0

[Event "Coupe de la Federation"]
[Site "?"]
[Date "2002.10.27"]
[Round "2"]
[White "Pinte, Damien"]
[Black "Samuel, Christian"]
[Result "0-1"]
[WhiteElo "1450"]
[BlackElo "1499"]
[PlyCount "78"]

1. d4 Nf6 2. c4 g6 3. Nc3 d5 4. Nf3 Bg7 5. cxd5 Nxd5 6. e4 Nxc3 7. bxc3 O-O 8.
Bd3 c5 9. Be3 Bg4 10. O-O Bxf3 11. Qxf3 cxd4 12. Bxd4 Bxd4 13. cxd4 Qxd4 14.
Rfe1 Nc6 15. Rad1 Ne5 16. Qg3 Nxd3 17. Rxd3 Qb4 18. f4 Rac8 19. Qf2 Qa4 20. Rb3
b6 21. f5 Rc4 22. Qf3 Qxa2 23. e5 Qd2 24. Qg3 Rc1 25. Rbe3 Rfc8 26. fxg6 Rxe1+
27. Rxe1 hxg6 28. e6 Rc1 29. exf7+ Kxf7 30. Rf1+ Rxf1+ 31. Kxf1 g5 32. Qc7 Qf4+
33. Qxf4+ gxf4 34. Ke2 e5 35. Kd3 Kf6 36. h4 a5 37. h5 a4 38. h6 Kg6 39. Kc3
Kxh6 0-1

[Event "Coupe de la Federation"]
[Site "?"]
[Date "2002.10.27"]
[Round "2"]
[White "Gidon, Rene"]
[Black "Valet, Godeffroy"]
[Result "1/2-1/2"]
[WhiteElo "1560"]
[BlackElo "1610"]
[PlyCount "88"]

1. e4 e6 2. d4 d5 3. Nc3 Bb4 4. f3 dxe4 5. fxe4 Bxc3+ 6. bxc3 Qh4+ 7. Kd2 Qxe4
8. Nf3 Nc6 9. Bd3 Qf4+ 10. Ke1 Qd6 11. Qe2 Nf6 12. a4 b6 13. Ne5 Bb7 14. Bb5 a6
15. Ba3 Qd5 16. Bc4 Qe4 17. Nxc6 Bxc6 18. Qxe4 Nxe4 19. Bb2 Nf6 20. Rg1 Ng4 21.
h3 Ne3 22. Bd3 Nxg2+ 23. Kf2 Nf4 24. Kg3 Nxd3 25. cxd3 f5 26. Kf4 Kf7 27. c4
Rhg8 28. h4 g6 29. Ke5 h6 30. Bc1 Rh8 31. a5 b5 32. Ra2 Rad8 33. Be3 Rd7 34.
Rg3 Kg7 35. Ra1 Rf8 36. Rag1 Rf6 37. Bxh6+ Kf7 38. Bg5 f4 39. Bxf6 fxg3 40.
Rxg3 Rd6 41. Bg5 Kg7 42. Be3 Kf7 43. Rg1 Be8 44. Rf1+ Kg7 1/2-1/2

[Event "Coupe de la Federation"]
[Site "?"]
[Date "2002.10.27"]
[Round "2"]
[White "Valet, Bruno"]
[Black "Mathieu, Jacques"]
[Result "1-0"]
[WhiteElo "1600"]
[BlackElo "1499"]
[PlyCount "71"]

1. e4 e5 2. f4 d6 3. Nf3 Bg4 4. h3 Bxf3 5. Qxf3 exf4 6. Qxf4 Nc6 7. Bc4 Nf6 8.
c3 Be7 9. d4 Na5 10. Bd3 O-O 11. Nd2 c5 12. Nf3 Qd7 13. Be3 c4 14. Bc2 Nh5 15.
Qh2 Qb5 16. Rb1 d5 17. e5 g6 18. O-O Qd7 19. Bh6 Rfe8 20. Rbe1 Ng7 21. Qf4 Ne6
22. Qd2 Bf8 23. Bxf8 Rxf8 24. Qh6 Qe7 25. h4 f5 26. exf6 Rxf6 27. Ng5 Rxf1+ 28.
Kxf1 Qf6+ 29. Kg1 Nxg5 30. hxg5 Qf8 31. Qh3 Qf7 32. Qe3 Nc6 33. b3 b5 34. Qe6
Qxe6 35. Rxe6 Rd8 36. Rxc6 1-0

[Event "Coupe de la Federation"]
[Site "?"]
[Date "2002.10.27"]
[Round "2"]
[White "Langlade, Remi"]
[Black "Valour, Brice"]
[Result "1-0"]
[WhiteElo "1499"]
[BlackElo "1550"]
[PlyCount "63"]

1. e4 d6 2. Bc4 Nf6 3. d3 g6 4. Nf3 Bg7 5. Ng5 O-O 6. Bf4 e5 7. Be3 Ng4 8. h4
Nxe3 9. fxe3 h5 10. Qf3 Qe7 11. Rf1 Be6 12. Nc3 c6 13. O-O-O b5 14. Bxe6 fxe6
15. Qh3 Bh6 16. Nxe6 Re8 17. Ng5 Bxg5 18. hxg5 Qxg5 19. Rf3 Na6 20. d4 Qe7 21.
d5 cxd5 22. Nxd5 Qe6 23. Rf6 Qxh3 24. gxh3 Kg7 25. Rxd6 Nc5 26. Nc7 Nxe4 27.
Nxe8+ Rxe8 28. Rd7+ Kh6 29. Rxa7 Nf2 30. Rd5 b4 31. h4 g5 32. Rd6+ 1-0

[Event "Coupe de la Federation"]
[Site "?"]
[Date "2002.10.27"]
[Round "2"]
[White "Arnaud, Jean-Laurent"]
[Black "Adamus, Jeremy"]
[Result "0-1"]
[WhiteElo "1499"]
[BlackElo "1199"]
[PlyCount "112"]

1. e4 e5 2. Nf3 Nc6 3. Bc4 Nf6 4. Ng5 d5 5. exd5 Nxd5 6. Qf3 Qxg5 7. Bxd5 Nd8
8. Nc3 c6 9. d3 Qf5 10. Be4 Qxf3 11. Bxf3 Bb4 12. Bd2 Ne6 13. a3 Ba5 14. b4 Bb6
15. O-O O-O 16. Be3 Nd4 17. Bd1 Be6 18. Na4 Bd8 19. Nc5 Bc8 20. c3 Ne6 21. Ne4
Be7 22. f4 exf4 23. Bxf4 Nxf4 24. Rxf4 a5 25. a4 axb4 26. cxb4 Bxb4 27. Nf6+
gxf6 28. Rxb4 f5 29. Rh4 b5 30. a5 Kg7 31. d4 Re8 32. Bf3 Re6 33. d5 Rd6 34.
dxc6 Rh6 35. Rb4 Ba6 36. Rd1 Re8 37. c7 Rhe6 38. Bb7 Bxb7 39. Rxb5 Bc8 40. h3
Re1+ 41. Rxe1 Rxe1+ 42. Kh2 Rc1 43. Kg3 Rxc7 44. Kf4 Rc4+ 45. Ke5 Re4+ 46. Kd5
Re2 47. Rc5 Bb7+ 48. Kd6 Bxg2 49. Rxf5 Kg6 50. Rb5 Rd2+ 51. Kc7 Bd5 52. Kb8 Kh5
53. a6 Kh4 54. a7 Kxh3 55. Rxd5 Rxd5 56. a8=Q Rd8+ 0-1

[Event "Coupe de la Federation"]
[Site "?"]
[Date "2002.10.27"]
[Round "2"]
[White "Bournez, Gerard"]
[Black "Bion, Nicolas"]
[Result "1-0"]
[WhiteElo "1620"]
[BlackElo "1499"]
[PlyCount "73"]

1. e4 e5 2. Bc4 Be7 3. Nf3 h6 4. Nxe5 Kf8 5. Nxf7 Qe8 6. Qf3 Rh7 7. Nd6+ Nf6 8.
Nxe8 Kxe8 9. e5 d5 10. exf6 gxf6 11. Bxd5 Bd6 12. Qxf6 Re7+ 13. Kf1 Bg4 14.
Qg6+ Kd7 15. Qxg4+ Kd8 16. Bxb7 Nc6 17. Bxa8 Nb4 18. Bb7 Re8 19. Qg6 Bc5 20. c3
Rf8 21. d4 Bb6 22. cxb4 Bxd4 23. Bf3 Rf6 24. Qg8+ Ke7 25. Nc3 c6 26. Be3 Bxe3
27. fxe3 a6 28. Rd1 Rf8 29. Qh7+ Rf7 30. Qe4+ Kf8 31. Rd8+ Kg7 32. Qe5+ Rf6 33.
Ke2 a5 34. Ne4 axb4 35. Qxf6+ Kh7 36. Rd7+ Kg8 37. Qg7# 1-0

[Event "Coupe de la Federation"]
[Site "?"]
[Date "2002.10.27"]
[Round "2"]
[White "Barnes, Pierrick"]
[Black "Soler, Gerald"]
[Result "1/2-1/2"]
[WhiteElo "1299"]
[BlackElo "1150"]
[PlyCount "68"]

1. b3 Nf6 2. Bb2 e6 3. Nf3 c5 4. d3 Nc6 5. e4 d6 6. c4 Be7 7. Be2 O-O 8. O-O a6
9. a4 a5 10. Qc2 Nb4 11. Qd2 b6 12. Na3 Bb7 13. Nc2 Qc7 14. Nxb4 axb4 15. Rfe1
Rfe8 16. Rad1 Rad8 17. d4 Nxe4 18. Qc2 cxd4 19. Nxd4 Nf6 20. Nb5 Qc6 21. Bf3
Qc8 22. Bxb7 Qxb7 23. h3 d5 24. Rd4 dxc4 25. Rxc4 Rd7 26. Bxf6 Bxf6 27. Rd1 Be7
28. Rxd7 Qxd7 29. Rc7 Qd8 30. Qc6 Kf8 31. Na7 Qd6 32. Qxd6 Bxd6 33. Rc8 Rxc8
34. Nxc8 Bc5 1/2-1/2

[Event "Coupe de la Federation"]
[Site "?"]
[Date "2002.10.27"]
[Round "2"]
[White "Montroussier, Jacques"]
[Black "Doran, Niall"]
[Result "1/2-1/2"]
[WhiteElo "1499"]
[BlackElo "1160"]
[PlyCount "38"]

1. e4 e6 2. d4 d5 3. e5 c5 4. c3 b6 5. Nf3 cxd4 6. cxd4 Bb4+ 7. Nc3 Qc7 8. Bd2
Ne7 9. Qc2 O-O 10. Bd3 Nf5 11. O-O Ba6 12. Bxa6 Nxa6 13. Qc1 f6 14. a3 Be7 15.
g4 Nxd4 16. Nxd4 fxe5 17. Nxe6 Qd7 18. Nxf8 Qxg4+ 19. Kh1 Qf3+ 1/2-1/2

[Event "Coupe de la Federation"]
[Site "?"]
[Date "2002.10.27"]
[Round "2"]
[White "Bourgin, Alain"]
[Black "Megnot, Philippe"]
[Result "0-1"]
[WhiteElo "1499"]
[BlackElo "1130"]
[PlyCount "44"]

1. d4 d5 2. Nf3 Nf6 3. b3 Bg4 4. e3 e6 5. Be2 Bd6 6. h3 Bh5 7. Ba3 O-O 8. Bd3
Ne4 9. Nbd2 Bxa3 10. Nxe4 dxe4 11. Bxe4 Bb4+ 12. Kf1 c6 13. g4 Bg6 14. d5 Bxe4
15. Qd4 Bxf3 16. Rg1 Qa5 17. dxe6 fxe6 18. Qf4 Rxf4 19. Rd1 Rf8 20. Rd6 Qa6+
21. Rd3 Qxa2 22. Rg3 Qa1+ 0-1

[Event "Coupe de la Federation"]
[Site "?"]
[Date "2002.10.27"]
[Round "2"]
[White "Cherblanc, Maxime"]
[Black "Royet, Damien"]
[Result "1-0"]
[WhiteElo "1430"]
[BlackElo "1499"]
[PlyCount "65"]

1. d4 d5 2. Nf3 e6 3. g3 Nf6 4. Bg2 Bb4+ 5. c3 Bd6 6. O-O O-O 7. Bg5 b6 8. Bxf6
Qxf6 9. Nbd2 Ba6 10. b4 Bc4 11. Nxc4 dxc4 12. Nh4 b5 13. Bxa8 Nd7 14. Bg2 a6
15. Be4 Qh6 16. Bc6 Nf6 17. Bg2 g5 18. Nf3 g4 19. Ne5 Bxe5 20. dxe5 Nd5 21.
Bxd5 exd5 22. Qxd5 Qg5 23. Qd7 Qxe5 24. Rad1 Qxc3 25. Qxg4+ Kh8 26. Rd7 Qxb4
27. Rxc7 Qb2 28. Rc8 Rxc8 29. Qxc8+ Kg7 30. Qg4+ Kh8 31. Rd1 h6 32. Rd8+ Kh7
33. Qg8# 1-0

[Event "Coupe de la Federation"]
[Site "?"]
[Date "2002.10.27"]
[Round "2"]
[White "Konieczny, Johan"]
[Black "Carrot, Axel"]
[Result "1-0"]
[WhiteElo "1099"]
[BlackElo "1300"]
[PlyCount "25"]

1. d4 d5 2. c4 dxc4 3. Nc3 Bf5 4. e4 Bd7 5. Bxc4 e6 6. Qb3 b6 7. Bf4 Nf6 8. Nf3
a5 9. O-O Bb4 10. Rfe1 b5 11. Bd3 a4 12. Qxb4 Na6 13. Qa5 1-0

[Event "Coupe de la Federation"]
[Site "?"]
[Date "2002.10.27"]
[Round "2"]
[White "Paratcha, Yohan"]
[Black "Borron, Herve"]
[Result "0-1"]
[WhiteElo "1199"]
[BlackElo "1199"]
[PlyCount "88"]

1. g3 e5 2. e4 Nf6 3. Bg2 Nc6 4. d3 Bc5 5. Nf3 O-O 6. O-O a6 7. b3 Nd4 8. Bb2
d6 9. c3 Nxf3+ 10. Bxf3 Be6 11. d4 exd4 12. cxd4 Bb4 13. d5 Bh3 14. Qd4 c5 15.
Qe3 Bxf1 16. Kxf1 Qd7 17. Bc3 Bxc3 18. Nxc3 Ng4 19. Bxg4 Qxg4 20. f3 Qh3+ 21.
Ke2 Qxh2+ 22. Kd3 Qxg3 23. Ne2 Qe5 24. Rh1 h6 25. f4 Qb2 26. Nc3 Qg2 27. Re1
Rfe8 28. e5 dxe5 29. fxe5 b6 30. d6 Qg6+ 31. Ne4 Rxe5 32. Rg1 Qe6 33. Rb1 Re8
34. b4 Rxe4 35. Qc1 Qxd6+ 36. Kc3 cxb4+ 37. Rxb4 Rc8+ 38. Kb2 Rxc1 39. Kxc1
Qxb4 40. Kc2 Qc4+ 41. Kb2 Re3 42. a3 Qe2+ 43. Ka1 Rf3 44. a4 Rf1# 0-1

[Event "Coupe de la Federation"]
[Site "?"]
[Date "2002.10.27"]
[Round "3"]
[White "Valet, Godeffroy"]
[Black "Vier, Serge"]
[Result "1/2-1/2"]
[WhiteElo "1610"]
[BlackElo "1690"]
[PlyCount "40"]

1. e4 e6 2. d4 d5 3. exd5 exd5 4. Bd3 Nf6 5. Nf3 Bd6 6. Bg5 Nbd7 7. O-O O-O 8.
c3 Re8 9. Nbd2 Nf8 10. Qc2 g6 11. Rfe1 Ne6 12. Bh6 Bf8 13. Bxf8 Kxf8 14. Ne5
Ng7 15. Ndf3 Bf5 16. Ng5 Bxd3 17. Qxd3 Re7 18. Re2 Ngh5 19. Qf3 Qd6 20. Rae1
Rae8 1/2-1/2

[Event "Coupe de la Federation"]
[Site "?"]
[Date "2002.10.27"]
[Round "3"]
[White "Pupier, Terry"]
[Black "Valet, Bruno"]
[Result "1-0"]
[WhiteElo "1440"]
[BlackElo "1600"]
[PlyCount "57"]

1. e4 e6 2. d4 d5 3. Nc3 Bb4 4. e5 c5 5. a3 cxd4 6. Qxd4 Nc6 7. Bb5 Qa5 8.
Bxc6+ bxc6 9. Qxb4 Qc7 10. Nf3 c5 11. Qg4 Kf8 12. O-O Nh6 13. Bxh6 gxh6 14. Qh5
Bb7 15. Qxh6+ Ke7 16. Qf6+ Kd7 17. Qxf7+ Kc6 18. Qxc7+ Kxc7 19. Nb5+ Kb6 20.
Nd6 Bc6 21. Ng5 d4 22. Nxe6 Rhg8 23. f3 Rg6 24. Nc4+ Kb5 25. Nc7+ Kxc4 26. Nxa8
Bxa8 27. Rf2 Kd5 28. f4 Ke6 29. f5+ 1-0

[Event "Coupe de la Federation"]
[Site "?"]
[Date "2002.10.27"]
[Round "3"]
[White "Valour, Brice"]
[Black "Dequidt, Adrien"]
[Result "1-0"]
[WhiteElo "1550"]
[BlackElo "1680"]
[PlyCount "41"]

1. e4 e5 2. d4 exd4 3. Nf3 Nc6 4. Bc4 Bc5 5. O-O Nge7 6. Ng5 d5 7. exd5 Nxd5 8.
Nxf7 Kxf7 9. Qh5+ g6 10. Bxd5+ Be6 11. Bxe6+ Kxe6 12. Qxc5 Kf7 13. Bg5 Qd7 14.
Re1 Rhe8 15. Nd2 Re6 16. Rxe6 Qxe6 17. Qc4 Re8 18. Qxe6+ Rxe6 19. a3 Na5 20.
Kf1 c5 21. Re1 1-0

[Event "Coupe de la Federation"]
[Site "?"]
[Date "2002.10.27"]
[Round "3"]
[White "Samuel, Christian"]
[Black "Mialon, Franck"]
[Result "1-0"]
[WhiteElo "1499"]
[BlackElo "1330"]
[PlyCount "39"]

1. d4 f5 2. g3 Nf6 3. Bg2 e6 4. c4 Be7 5. Nf3 O-O 6. O-O c5 7. d5 exd5 8. cxd5
c4 9. d6 Qb6 10. dxe7 Re8 11. Nc3 Rxe7 12. Nd5 Nxd5 13. Qxd5+ Kh8 14. Bg5 Re8
15. Ne5 Qe6 16. Nf7+ Kg8 17. Qxe6 Rxe6 18. Nd8 Rg6 19. Be7 Nc6 20. Bd5+ 1-0

[Event "Coupe de la Federation"]
[Site "?"]
[Date "2002.10.27"]
[Round "3"]
[White "Minchili, Franco"]
[Black "Bastien, Daniel"]
[Result "0-1"]
[WhiteElo "1499"]
[BlackElo "1690"]
[PlyCount "132"]

1. d4 g6 2. Nf3 Bg7 3. e4 d6 4. c4 c6 5. Nc3 Nf6 6. Be2 O-O 7. Be3 a6 8. Qd2
Ng4 9. Bf4 e5 10. Bg3 Nd7 11. h3 exd4 12. Nxd4 Nge5 13. O-O Nb6 14. b3 Qf6 15.
Rac1 Nexc4 16. bxc4 Qxd4 17. Qxd4 Bxd4 18. Bxd6 Re8 19. Bd3 Be6 20. Ne2 Bf6 21.
f4 Be7 22. c5 Nc8 23. e5 Bxa2 24. f5 Bg5 25. Nf4 Ne7 26. f6 Nd5 27. g3 a5 28.
h4 Nxf4 29. gxf4 Bxh4 30. Bc4 Bxc4 31. Rxc4 h6 32. Kg2 g5 33. Rh1 Kh7 34. Re4
Kg6 35. Be7 Kf5 36. Kf3 a4 37. e6 fxe6 38. Re5+ Kg6 39. Rxe6 Kf7 40. Rd6 a3 41.
Rd7 a2 42. Bd6+ Kxf6 43. Be5+ Kf5 44. Rf7+ Kg6 45. Rf6+ Kh5 46. Ba1 Ra3+ 47.
Kg2 Re2+ 48. Kf1 Rf2+ 49. Kg1 Rc2 50. fxg5 Rg3+ 51. Kf1 Rc1+ 52. Ke2 Rxh1 53.
Bd4 a1=Q 54. Rxh6+ Kxg5 55. Bxa1 Kxh6 56. Bd4 Rh2+ 57. Kf1 Rb3 58. Kg1 Rc2 59.
Kh1 Rb1+ 60. Bg1 Rcc1 61. Kh2 Rxg1 62. Kh3 Kg6 63. Kh2 Rgc1 64. Kh3 Kg5 65. Kg2
Rc3 66. Kh2 Rb2+ 0-1

[Event "Coupe de la Federation"]
[Site "?"]
[Date "2002.10.27"]
[Round "3"]
[White "Vinot, Raoul"]
[Black "Dziri, Pierre"]
[Result "1-0"]
[WhiteElo "1380"]
[BlackElo "1499"]
[PlyCount "74"]

1. d4 Nf6 2. c4 g6 3. Nc3 Bg7 4. e4 d6 5. Nf3 O-O 6. Bd3 e5 7. dxe5 dxe5 8.
Nxe5 Nxe4 9. Nxe4 Bxe5 10. Bg5 Qd4 11. Rb1 f6 12. Be3 Qd7 13. O-O Rd8 14. Nc5
Qd6 15. Be2 Bxh2+ 16. Kh1 Qe7 17. Qb3 Bd6 18. Nd3 Qe4 19. c5+ Be6 20. Qb4 Qxb4
21. Nxb4 Be7 22. b3 a5 23. Nc2 Bf5 24. Rbc1 a4 25. Bc4+ Kg7 26. Nd4 Bc8 27. b4
Nd7 28. Ne6+ Kh8 29. Nxd8 Bxd8 30. Rcd1 Be7 31. Bf4 Ne5 32. Rfe1 Bg4 33. f3
Nxf3 34. Rxe7 Ne5 35. Re1 Nxc4 36. Bxc7 g5 37. Bd6 b6 1-0

[Event "Coupe de la Federation"]
[Site "?"]
[Date "2002.10.27"]
[Round "3"]
[White "Bourgin, Christian"]
[Black "Bruyas, Benjamin"]
[Result "1-0"]
[WhiteElo "1480"]
[BlackElo "1210"]
[PlyCount "87"]

1. d4 f5 2. c4 Nf6 3. Nc3 Nc6 4. g3 b6 5. Bg2 Bb7 6. d5 Ne5 7. Bf4 Nxc4 8. Qa4
Nd6 9. Bxd6 cxd6 10. Nh3 e6 11. Qb3 Qc8 12. O-O e5 13. Rac1 Qd8 14. Nb5 g6 15.
Nc7+ Kf7 16. Ng5+ Ke7 17. Nxa8 Qxa8 18. Rc7 Bxd5 19. Bxd5 Nxd5 20. Rfc1 Bh6 21.
Rd1 Nxc7 22. Qf7+ Kd8 23. Rxd6 Qc8 24. Qf6+ Ke8 25. Qxh8+ Bf8 26. Nxh7 Ne6 27.
Rxe6+ dxe6 28. Qxf8+ Kd7 29. Qxc8+ Kxc8 30. Kg2 Kd7 31. Kh3 Ke7 32. f3 Kf7 33.
e4 a5 34. exf5 exf5 35. Ng5+ Kf6 36. f4 e4 37. b3 b5 38. Kg2 b4 39. Kf2 Kg7 40.
Ne6+ Kh6 41. Nd4 Kh5 42. h3 g5 43. Nxf5 gxf4 44. gxf4 1-0

[Event "Coupe de la Federation"]
[Site "?"]
[Date "2002.10.27"]
[Round "3"]
[White "Farge, Damien"]
[Black "Pinte, Damien"]
[Result "0-1"]
[WhiteElo "1090"]
[BlackElo "1450"]
[PlyCount "56"]

1. e4 c5 2. Nc3 Nc6 3. f4 d6 4. Nf3 a6 5. d3 Qc7 6. Be3 Nf6 7. f5 e6 8. fxe6
Bxe6 9. Ng5 Bd7 10. Be2 Nd4 11. O-O Be7 12. Bf4 O-O 13. e5 dxe5 14. Bg3 b5 15.
Nge4 Nxe4 16. dxe4 b4 17. Nd5 Qd8 18. Bxe5 Bb5 19. Bc7 Nxe2+ 20. Kf2 Qd7 21.
Re1 Nd4 22. Bb6 f5 23. Nxe7+ Qxe7 24. e5 Qh4+ 25. Kg1 f4 26. Bxc5 f3 27. Bxd4
fxg2 28. Kxg2 Bc6+ 0-1

[Event "Coupe de la Federation"]
[Site "?"]
[Date "2002.10.27"]
[Round "3"]
[White "Djouder, Larbi"]
[Black "Adamus, Jeremy"]
[Result "1-0"]
[WhiteElo "1680"]
[BlackElo "1199"]
[PlyCount "161"]

1. e4 e5 2. Nf3 d6 3. d4 exd4 4. Nxd4 Nf6 5. Nc3 g6 6. Bg5 Bg7 7. Bc4 Bd7 8.
O-O Nc6 9. Nf3 O-O 10. Re1 Re8 11. Qd2 Be6 12. Bb5 Bd7 13. Rad1 a6 14. Ba4 b5
15. Bb3 Be6 16. Nd5 Bg4 17. Qf4 Bxf3 18. Qxf3 Re6 19. Nxc7 Ne5 20. Qf4 Qxc7 21.
Bxe6 Nh5 22. Bxf7+ Nxf7 23. Qe3 Bxb2 24. Qb3 Qc3 25. Qd5 Re8 26. Bd2 Qxc2 27.
Bb4 Nf6 28. Qb3 Qxb3 29. axb3 Rxe4 30. Rxe4 Nxe4 31. Re1 Nf6 32. Re7 Nd5 33.
Re8+ Kg7 34. Bd2 Be5 35. Ra8 Nc7 36. Ra7 d5 37. Ba5 Ne6 38. Rxa6 Nc5 39. Rb6
Nxb3 40. Rxb5 Nxa5 41. Rxa5 d4 42. h3 Kf6 43. Kf1 Kf5 44. Ra7 Ke6 45. Ke2 h5
46. Ra6+ Nd6 47. Ra8 Kf5 48. Rf8+ Bf6 49. Ra8 Ke4 50. f3+ Kf4 51. Ra6 Ke5 52.
f4+ Kd5 53. Kd3 g5 54. fxg5 Be5 55. Ra7 h4 56. g6 Nf5 57. Rf7 Ke6 58. Ra7 Kf6
59. Ra6+ Kg7 60. Ra5 Kf6 61. g7 Nxg7 62. Ke4 Bc7 63. Ra6+ Ne6 64. Kd5 d3 65.
Rxe6+ Kf5 66. Re1 d2 67. Rd1 Bf4 68. Kd4 Be5+ 69. Ke3 Bf4+ 70. Kf3 Bg5 71. Rf1
Ke5 72. Ke2 Bf4 73. Kd1 Ke4 74. Rf2 Ke5 75. Re2+ Kf5 76. Rf2 Ke4 77. Re2+ Kf5
78. Re8 Kg5 79. Rg8+ Kf5 80. Rg4 Ke5 81. Rxh4 1-0

[Event "Coupe de la Federation"]
[Site "?"]
[Date "2002.10.27"]
[Round "3"]
[White "Bournez, Gerard"]
[Black "Treveys, Maxime"]
[Result "0-1"]
[WhiteElo "1620"]
[BlackElo "1680"]
[PlyCount "92"]

1. e4 c5 2. Nf3 d6 3. Nc3 Nc6 4. a3 a6 5. d4 cxd4 6. Nxd4 Bd7 7. Nxc6 Bxc6 8.
Be3 e6 9. Bd3 Be7 10. O-O Nf6 11. Bg5 O-O 12. Bxf6 Bxf6 13. Rb1 Qc7 14. Qe1 b5
15. b4 Rac8 16. Na2 d5 17. f3 Rfd8 18. g3 Bd4+ 19. Kg2 Qb7 20. c3 Ba7 21. Rd1
Rd7 22. Nc1 Rdc7 23. Nb3 Be8 24. Rc1 Qc6 25. Na5 Qd6 26. exd5 Qxd5 27. Be4 Qd7
28. Rd1 Qe7 29. Rc1 Qf6 30. c4 bxc4 31. Qd2 Bb5 32. Qc2 Rd8 33. a4 c3 34. Rfd1
Rxd1 35. Rxd1 Be8 36. Bxh7+ Kf8 37. Bd3 e5 38. Be4 Bd4 39. Bd3 Rc8 40. Bxa6
Qxa6 41. h3 Rb8 42. Qb3 Qxa5 43. b5 Ra8 44. Qa3+ Kg8 45. Rc1 Qxa4 46. Qxa4 Rxa4
0-1

[Event "Coupe de la Federation"]
[Site "?"]
[Date "2002.10.27"]
[Round "3"]
[White "Carteron, Olivier"]
[Black "Montroussier, Jacques"]
[Result "1-0"]
[WhiteElo "1600"]
[BlackElo "1499"]
[PlyCount "83"]

1. e4 e6 2. d4 d5 3. Nc3 Nf6 4. Bg5 Be7 5. e5 Nfd7 6. Bxe7 Qxe7 7. Qg4 O-O 8.
Bd3 f5 9. exf6 Nxf6 10. Qh4 Qf7 11. O-O-O c5 12. dxc5 Nbd7 13. Nf3 Nxc5 14. Ng5
Nxd3+ 15. Rxd3 Qh5 16. Qxh5 Nxh5 17. Rf3 Bd7 18. Re1 Rxf3 19. Nxf3 h6 20. Ne5
Rd8 21. g3 d4 22. Ne4 Bc6 23. Nxc6 bxc6 24. Nc5 Kf7 25. Rxe6 Rf8 26. Rxc6 Kg8
27. f4 Nxf4 28. gxf4 Rxf4 29. Nd3 Rh4 30. Rd6 Rxh2 31. Rxd4 Rh1+ 32. Kd2 Rf1
33. Rd8+ Kf7 34. Rd7+ Kf6 35. Rxa7 h5 36. Ke2 Rf5 37. Ra4 Kg5 38. c4 h4 39. Nf2
Kf4 40. c5+ Kg3 41. Rg4+ Kh2 42. Rxh4+ 1-0

[Event "Coupe de la Federation"]
[Site "?"]
[Date "2002.10.27"]
[Round "3"]
[White "Vergiat, Nicolas"]
[Black "Pareux, Marc"]
[Result "0-1"]
[WhiteElo "1499"]
[BlackElo "1520"]
[PlyCount "50"]

1. c4 g6 2. Nc3 Bg7 3. g3 d6 4. Bg2 e5 5. Nf3 f5 6. O-O Nf6 7. b3 Nc6 8. e3 O-O
9. Ba3 Ne7 10. d4 e4 11. Ng5 c6 12. h4 Nh5 13. c5 d5 14. f3 Nxg3 15. Rf2 Bh6
16. Kh2 Bxg5 17. Kxg3 Bxe3 18. Re2 Qc7+ 19. f4 Qxf4+ 20. Kh3 Qg4+ 21. Kh2 Qxh4+
22. Bh3 f4 23. Qf1 Qg3+ 24. Kh1 Qxh3+ 25. Qxh3 Bxh3 0-1

[Event "Coupe de la Federation"]
[Site "?"]
[Date "2002.10.27"]
[Round "3"]
[White "Megnot, Philippe"]
[Black "Arnaud, Jean-Laurent"]
[Result "0-1"]
[WhiteElo "1130"]
[BlackElo "1499"]
[PlyCount "64"]

1. e4 e5 2. Nf3 Nc6 3. Nc3 d6 4. Bc4 Nf6 5. d3 h6 6. O-O Bg4 7. Re1 Nd4 8. Re3
c6 9. Qd2 b5 10. Bb3 a5 11. a3 Nh5 12. Nxd4 exd4 13. Re1 dxc3 14. Qxc3 Qc7 15.
e5 d5 16. e6 Bxe6 17. f4 O-O-O 18. Re5 d4 19. Qc5 Bxc5 20. Rxc5 Bxb3 21. cxb3
Rd5 22. Rc2 Nxf4 23. Bd2 Kb7 24. a4 b4 25. Rcc1 Ne2+ 26. Kf1 Nxc1 27. Rxc1 Re8
28. g3 Rf5+ 29. Kg1 Re2 30. Bf4 Rxf4 31. gxf4 Qxf4 32. Rf1 Qxh2# 0-1

[Event "Coupe de la Federation"]
[Site "?"]
[Date "2002.10.27"]
[Round "3"]
[White "Bion, Nicolas"]
[Black "Cherblanc, Maxime"]
[Result "1-0"]
[WhiteElo "1499"]
[BlackElo "1430"]
[PlyCount "97"]

1. d4 d5 2. c4 dxc4 3. Nc3 g6 4. e4 Bg7 5. e5 Nc6 6. Nf3 Bg4 7. Be2 Bxf3 8.
Bxf3 Nxd4 9. O-O Bxe5 10. Bxb7 Rb8 11. Qa4+ c6 12. Bxc6+ Nxc6 13. Qxc6+ Kf8 14.
Be3 Qd3 15. Rad1 Qf5 16. Qxc4 Rc8 17. Qe4 Qxe4 18. Nxe4 Bxb2 19. Rd3 Nf6 20.
Rfd1 Nxe4 21. Bh6+ Ke8 22. f3 Nc5 23. Rd5 Na4 24. Ra5 Nc3 25. Re1 e6 26. Bg7
Rg8 27. Bxc3 Rxc3 28. Rxa7 Rc8 29. Rd1 g5 30. Rb7 Ba3 31. Rdd7 Kf8 32. Rxf7+
Ke8 33. Rxh7 Rc1+ 34. Kf2 Rc2+ 35. Ke3 Rc8 36. g3 Bc5+ 37. Ke4 Rd8 38. Ke5 Rg6
39. f4 Rd5+ 40. Ke4 Rd4+ 41. Ke5 Rd8 42. Rh8+ Bf8 43. f5 Rd5+ 44. Ke4 exf5+ 45.
Kxd5 Rd6+ 46. Ke5 f4 47. Rb8+ Ke7 48. Rh7+ Bg7+ 49. Rxg7# 1-0

[Event "Coupe de la Federation"]
[Site "?"]
[Date "2002.10.27"]
[Round "3"]
[White "Carrot, Axel"]
[Black "Barnes, Pierrick"]
[Result "0-1"]
[WhiteElo "1300"]
[BlackElo "1299"]
[PlyCount "84"]

1. d4 Nf6 2. Nf3 d5 3. Bf4 Nc6 4. e3 e6 5. Bd3 Bd6 6. O-O Bxf4 7. exf4 O-O 8.
Nc3 a6 9. Qe2 Re8 10. Rad1 b5 11. a3 Bb7 12. b4 Ne7 13. Rfe1 Nf5 14. Bxf5 exf5
15. Qd3 Rxe1+ 16. Rxe1 Qc8 17. Ne5 Ne4 18. Nxe4 fxe4 19. Qg3 Qe6 20. c3 a5 21.
bxa5 Rxa5 22. Ra1 Ra4 23. Rb1 Rxa3 24. h3 f6 25. Rxb5 Bc8 26. Ng4 h5 27. Ne3
Rxc3 28. Qh4 g6 29. Rxd5 Kf7 30. Rd8 Ke7 31. Rd5 Rxe3 32. fxe3 Qxd5 33. Qf2 c5
34. dxc5 Qxc5 35. Qd2 Ke6 36. Qa2+ Kf5 37. Qa8 Qxe3+ 38. Kh2 Qxf4+ 39. Kh1 Be6
40. Qa5+ Qe5 41. Qe1 Kg5 42. Qc1+ e3 0-1

[Event "Coupe de la Federation"]
[Site "?"]
[Date "2002.10.27"]
[Round "3"]
[White "Doran, Niall"]
[Black "Paratcha, Yohan"]
[Result "1-0"]
[WhiteElo "1160"]
[BlackElo "1199"]
[PlyCount "55"]

1. e4 e5 2. Nf3 Nc6 3. Bc4 g6 4. d3 Bg7 5. Ng5 Nge7 6. Nxf7 O-O 7. Nxd8+ d5 8.
exd5 Rxd8 9. dxc6+ Nd5 10. cxb7 Bxb7 11. Nc3 c6 12. O-O Kh8 13. Bg5 Rf8 14.
Bxd5 cxd5 15. Qg4 d4 16. Ne4 Rf7 17. c3 Raf8 18. cxd4 exd4 19. Nd6 Rd7 20. Qxd7
Ba6 21. Rad1 Bf6 22. Bxf6+ Rxf6 23. Qd8+ Kg7 24. Ne8+ Kf7 25. Nxf6 Kg7 26. Rfe1
Kh6 27. Re5 Bxd3 28. Qf8# 1-0

[Event "Coupe de la Federation"]
[Site "?"]
[Date "2002.10.27"]
[Round "3"]
[White "Bourgin, Alain"]
[Black "Gidon, Rene"]
[Result "0-1"]
[WhiteElo "1499"]
[BlackElo "1560"]
[PlyCount "62"]

1. d4 Nf6 2. Nf3 e6 3. Nc3 Bb4 4. a3 Bxc3+ 5. bxc3 O-O 6. e3 Nc6 7. Ng5 Ne7 8.
f3 a6 9. c4 c6 10. c3 d5 11. cxd5 Nexd5 12. Qc2 h6 13. h4 Qd6 14. Rh3 e5 15. c4
Bxh3 16. gxh3 hxg5 17. c5 Qc7 18. dxe5 Qxe5 19. Bb2 Qxe3+ 20. Qe2 Qxc5 21. Rc1
Qe3 22. hxg5 Qxe2+ 23. Kxe2 Rfe8+ 24. Kf2 Nh5 25. Bc4 Ndf4 26. Bc3 Rad8 27. Bd4
Rxd4 28. Re1 Rd2+ 29. Kf1 Ng3+ 30. Kg1 Rxe1+ 31. Bf1 Rxf1# 0-1